UBT Library

GRE, Graduate Record Examination. (Record no. 41015)

000 -LEADER
fixed length control field 01552cas a2200409 a 4500
001 - CONTROL NUMBER
control field 16844463
005 - DATE AND TIME OF LATEST TRANSACTION
control field 20180126081836.0
008 - FIXED-LENGTH DATA ELEMENTS--GENERAL INFORMATION
fixed length control field 110223c20129999nyuar 0 a0eng c
010 ## - LIBRARY OF CONGRESS CONTROL NUMBER
LC control number 2011238173
020 ## - INTERNATIONAL STANDARD BOOK NUMBER
International Standard Book Number 9781609789367
022 0# - INTERNATIONAL STANDARD SERIAL NUMBER
International Standard Serial Number 2162-5859
Source 1
035 ## - SYSTEM CONTROL NUMBER
System control number (OCoLC)ocn703425880
037 ## - SOURCE OF ACQUISITION
Source of stock number/acquisition Kaplan, 395 Hudson St., 4th Fl., New York, NY 10014
040 ## - CATALOGING SOURCE
Original cataloging agency GK8
Language of cataloging eng
Transcribing agency GK8
Modifying agency GK8
-- IUL
-- DLC
-- OCLCF
-- OCLCO
-- YDXCP
-- CUS
-- GUA
-- OUP
041 ## - LANGUAGE CODE
Language code of text/sound track or separate title eng
042 ## - AUTHENTICATION CODE
Authentication code pcc
-- nsdp
043 ## - GEOGRAPHIC AREA CODE
Geographic area code n-us---
080 ## - UNIVERSAL DECIMAL CLASSIFICATION NUMBER
Universal Decimal Classification number 378.1
082 10 - DEWEY DECIMAL CLASSIFICATION NUMBER
Classification number 378.1 KAP
Edition number 14
100 ## - Rafti
Rafti 46
101 ## - Shkurtesa
Shkurtesa EDU
222 #0 - KEY TITLE
Key title GRE, Graduate Record Examination
245 00 - TITLE STATEMENT
Title GRE, Graduate Record Examination.
246 1# - VARYING FORM OF TITLE
Display text Issues for <2014-> have title:
Title proper/short title GRE, Graduate Record Examination :
Remainder of title strategies, practice, and review
246 14 - VARYING FORM OF TITLE
Title proper/short title New GRE, Graduate Record Examination :
Remainder of title strategies, practice, and review
246 18 - VARYING FORM OF TITLE
Title proper/short title Kaplan new GRE, Graduate Record Examination :
Remainder of title strategies, practice, and review
310 ## - CURRENT PUBLICATION FREQUENCY
Current publication frequency Annual
362 1# - DATES OF PUBLICATION AND/OR SEQUENTIAL DESIGNATION
Dates of publication and/or sequential designation Began with 2011/2012.
775 0# - OTHER EDITION ENTRY
Title GRE premier
Record control number (DLC) 2016233594
-- (OCoLC)795135787
780 00 - PRECEDING ENTRY
Title GRE, strategies, practice, and review
Record control number (DLC) 2010239118
-- (OCoLC)676744879
906 ## - LOCAL DATA ELEMENT F, LDF (RLIN)
a 7
b cbc
c sercoop
d 2
e ncip
f 20
g n-oclcserc
942 ## - ADDED ENTRY ELEMENTS (KOHA)
Source of classification or shelving scheme
Item type Books
Holdings
Withdrawn status Lost status Source of classification or shelving scheme Damaged status Not for loan Collection code Permanent location Current location Shelving location Date acquired Total Checkouts Full call number Barcode Date last seen Price effective from Koha item type
          Koleksioni i përgjithshem UBT - Lipjan UBT - Lipjan Koleksioni i përgjithshem 01/26/2018   378.1 KAP 002-2996436 01/26/2018 01/26/2018 Books
UBT Library © 2015-2024. All rights reserved University Education for Business and Technology